000
00286nam a2200109Ia 4500
008
230907s9999||||xx |||||||||||||| ||und||
082
_a
320.0951
_b
KIM
100
_a
Kim, Youngmin,
_9
116033
245
2
_a
A history of Chinese political thought /
300
_a
x, 273 pages ;
942
_c
BK
999
_c
600856
_d
600856